| 000 | 00000ngm 2200000zi 4500 |
| 001 | 9.940021 |
| 003 | CaOODSP |
| 005 | 20240716103332 |
| 006 | m o c f |
| 007 | cr cna|||||||| |
| 008 | 240628s2024 onc004 fo vaeng d |
| 020 | |a9780660725802 |
| 040 | |aCaOODSP|beng|erda|cCaOODSP |
| 043 | |an-cn--- |
| 086 | 1 |aCS892-00006/2024-1E-MP4 |
| 245 | 04|aThe importance of disaggregated data : |ban introduction (part 1). |
| 264 | 1|a[Ottawa] : |bStatistics Canada = Statistique Canada, |c[2024] |
| 300 | |a1 online resource (1 video file (3 min., 37 sec.)) : |bsound, colour |
| 336 | |atwo dimensional moving image|btdi|2rdacontent |
| 337 | |acomputer|bc|2rdamedia |
| 338 | |aonline resource|bcr|2rdacarrier |
| 500 | |aIssued also in French under title: L'importance des données désagrégées : introduction (partie 1). |
| 500 | |aAvailable as streaming video or as downloadable MP4 file. |
| 520 | |a"This short video explains how it can be very effective for all levels of governments and organizations that serve communities to use disaggregated data to make evidence-informed public policy decisions. By using disaggregated data, policymakers are able to design more appropriate and effective policies that meet the needs of each diverse and unique Canadian"--Provided by publisher. |
| 650 | 0|aStatistics|zCanada. |
| 655 | 7|aInstructional and educational works|2lcgft |
| 655 | 7|aInternet videos|2lcgft |
| 710 | 2 |aStatistics Canada, |eissuing body. |
| 775 | 08|tL'importance des données désagrégées : |w(CaOODSP)9.940022 |
| 856 | 40|qMP4|s73.30 MB|uhttps://publications.gc.ca/collections/collection_2024/statcan/892000062024001-eng.mp4 |
| 856 | 4 |qHTML|sN/A|uhttps://www.statcan.gc.ca/en/wtc/data-literacy/catalogue/892000062024001 |